Recuperación económica y precariedad laboral en la Argentina (Registro nro. 34638)

Detalles MARC
000 -LEADER
fixed length control field 00413 a2200121 4500
001 - CONTROL NUMBER
control field ART_45065
005 - DATE AND TIME OF LATEST TRANSACTION
control field 20260410162038.0
008 - FIXED-LENGTH DATA ELEMENTS--GENERAL INFORMATION
fixed length control field 260409a
100 1# - MAIN ENTRY--PERSONAL NAME
Personal name Golovanevsky, Laura
245 10 - TITLE STATEMENT
Title Recuperación económica y precariedad laboral en la Argentina
700 1# - ADDED ENTRY--PERSONAL NAME
Personal name Paz, Jorge Augusto
773 0# - HOST ITEM ENTRY
Title Revista de estudios regionales y mercado de trabajo
Related parts - N° 3 (ene./dic. 2007)
Record control number REV44894

No hay ítems disponibles.